000
00276nam a2200121Ia 4500
008
190216s9999||||xx |||||||||||||| ||und||
100
_a
Jasveer Simh
245
0
_a
Hindi-Prithvi Maur Akash
260
_b
Rashtra Bhasha
_c
2011
300
_a
216
650
_a
Hindi
942
_c
BK
999
_c
16805
_d
16805